| 000 | 00629nam a22001937a 4500 | ||
|---|---|---|---|
| 999 |
_c525775 _d525775 |
||
| 003 | NUST | ||
| 005 | 20190704092626.0 | ||
| 008 | 190704b ||||| |||| 00| 0 eng d | ||
| 038 | _aAttaullah. | ||
| 082 | _a628 | ||
| 100 |
_aSheikh, Mariam _916720 |
||
| 245 |
_aInvestigation the Temporal Changes in Precipitation and the Spatial Extent of Consequent Flooding in Pakistan / _cMariam Sheikh. |
||
| 260 |
_aIslamabad : _bIESE - NUST, _c2017. |
||
| 300 |
_axv, 71 p. : ill. ; _c30cm. |
||
| 500 | _aHard Cover. | ||
| 650 |
_aEnvironmental Science - MS Thesis. _916562 |
||
| 700 |
_aDr. Fahim Khokhar. _916721 |
||
| 942 |
_2ddc _cTHE |
||